|
|
|
|
| LEADER |
00000nam a2200000 a 4500 |
| 001 |
vtls001342452 |
| 003 |
SK-MaSNL |
| 005 |
20260301070142.0 |
| 008 |
240315s1964 xo 0 und |
| 035 |
|
|
|a SNK000295611
|
| 040 |
|
|
|a SNK
|b slo
|c SNK
|e AACR2
|
| 044 |
|
|
|a xo
|c SK
|
| 100 |
1 |
|
|a Smrek, Ján,
|d 1898-1982
|4 aut
|9 106970
|
| 245 |
1 |
|
|a Písané na sude
|
| 260 |
|
|
|a Bratislava
|b Slovenský spisovateľ
|c 1964
|
| 300 |
|
|
|a 14 s.
|
| 958 |
|
|
|a OND
|
| 999 |
|
|
|c 633313
|d 635243
|
| 952 |
|
|
|a SNK
|b SNK
|y PREZ
|7 0
|p 17A0872634
|o snkSC 19354
|0 0
|1 0
|4 0
|d 2012-08-30
|l 0
|r 2026-02-23 17:30:16
|w 2026-02-23
|
| 952 |
|
|
|t P60, <05>, [BOOK], {605}
|a SNK
|b SNK
|y PREZ
|7 0
|p 17A0162226
|o snkSC 19354 D1
|0 0
|1 0
|4 0
|d 1998-09-22
|l 0
|r 2005-01-02 00:00:00
|w 2026-02-23
|
| 952 |
|
|
|a SNKLM
|b SNKLM
|y NEVYP
|7 0
|o snklmMK 3400
|8 3
|0 0
|1 0
|4 0
|d 2006-04-11
|l 0
|r 2026-02-23 17:30:16
|w 2026-02-23
|